[Event "HCL-B133"]
[Site "www.playchess.de"]
[Date "2001.02.24"]
[Round "10"]
[White "antaios"]
[Black "Slide"]
[WhiteElo "1165"]
[BlackElo "1585"]
[PlyCount "26"]
[Result "0-1"]

1.e4 e5 2.Nf3 d6 3.Bc4 Be7 4.Nc3 Nf6 5.Bxf7+ Kxf7 
6.d4 Bg4 7.dxe5 Bxf3 8.e6+ Kxe6 9.Qxf3 Rf8 10.Qf5+ 
Kf7 11.O-O Kg8 12.e5 dxe5 13.Qxe5 
Qd6 0-1

[Event "HCL-B138"]
[Site "www.playchess.de"]
[Date "2001.02.24"]
[Round "10"]
[White "Brussels_Hooligan"]
[Black "BOB"]
[WhiteElo "1440"]
[BlackElo "1652"]
[PlyCount "38"]
[Result "0-1"]

1.e4 c5 2.Nc3 Nc6 3.f4 e6 4.g3 d5 5.d3 Rb8 6.Bg2 
d4 7.Nce2 b5 8.Nf3 Bb7 9.a4 a6 10.axb5 axb5 11.O-O 
Be7 12.g4 h6 13.e5 f6 14.Ng3 fxe5 15.fxe5 Qc7 
16.Qe2 Ra8 17.Rxa8+ Bxa8 18.Nh5 Bd8 19.Nxg7+ 
Qxg7 0-1

[Event "HCL-B142"]
[Site "www.playchess.de"]
[Date "2001.02.24"]
[Round "21"]
[White "Bill"]
[Black "OObuc"]
[WhiteElo "1055"]
[BlackElo "1181"]
[PlyCount "37"]
[Result "1-0"]

1.e4 e5 2.Nf3 Nc6 3.Bb5 a6 4.Ba4 b5 5.Bb3 d5 
6.exd5 Nb4 7.Nxe5 Qe7 8.d4 g6 9.c3 c5 10.cxb4 c4 
11.Bc2 Qxb4+ 12.Nc3 Bg7 13.O-O Bb7 14.Qf3 Nf6 
15.Ne4 Bxd5 16.Nxf6+ Bxf6 17.Qxf6 {I'll be away 
Feb 19 - 23}  O-O {see ya when ya get back!}  
18.Bh6 Rfe8 19.Qg7+ 1-0

[Event "HCL-C130"]
[Site "www.playchess.de"]
[Date "2001.02.24"]
[Round "31"]
[White "donkey"]
[Black "Coney"]
[WhiteElo "1134"]
[BlackElo "994"]
[PlyCount "69"]
[Result "1/2-1/2"]

1.d4 Nf6 2.c4 e6 3.Nf3 Nc6 4.a3 d5 5.Nc3 h6 6.cxd5 
Nxd5 7.e4 Nxc3 8.bxc3 Bd7 9.Bd3 Be7 10.O-O Na5 
11.Ne5 Bd6 12.Ng4 h5 13.e5 hxg4 14.exd6 cxd6 
15.Qxg4 Qh4 16.Qxh4 Rxh4 17.Bg5 Rh5 18.Be3 Rc8 
19.Be2 Rh8 20.d5 exd5 21.Bxa7 Ra8 22.Bb6 Nc4 
23.Bxc4 dxc4 24.Rfe1+ Kf8 25.Bc7 d5 26.Bd6+ Kg8 
27.Re7 Bc6 28.Rae1 Rh6 29.Bc5 b5 30.f3 Rg6 31.R1e3 
Rc8 32.R3e5 d4 33.Bxd4 Bxf3 34.g3 Bc6 
35.Kf2 1/2-1/2

[Event "HCL-C131"]
[Site "www.playchess.de"]
[Date "2001.02.24"]
[Round "8"]
[White "ve7wln"]
[Black "Raiss"]
[WhiteElo "1322"]
[BlackElo "1000"]
[PlyCount "27"]
[Result "1-0"]

1.d4 Nf6 2.c4 c6 3.Nc3 h6 4.e3 d6 5.Nf3 Qa5 6.Bd3 
Be6 7.O-O h5 8.e4 g6 9.Re1 h4 10.h3 Nh5 11.Nxh4 
Bg7 12.Be3 Bf6 13.Nf3 g5 14.Nxg5 {I will be slow 
the next few moves}  1-0

[Event "HCL-C140"]
[Site "www.playchess.de"]
[Date "2001.02.24"]
[Round "16"]
[White "hun"]
[Black "hhh"]
[WhiteElo "1804"]
[BlackElo "878"]
[PlyCount "35"]
[Result "1-0"]

1.e4 e5 2.Nc3 Nf6 3.Nf3 Nc6 4.Bb5 Bb4 5.a3 Bc5 
6.d3 O-O 7.O-O a6 8.Bxc6 bxc6 {halo wie geht's 
dir?}  9.Nxe5 {Hi! Danke,es geht...und Dir? Ich 
habe gechört ihr habt ein Regnerische Winter bei 
euch in Nord Itali}  Rb8 {Ja, hier ist alles 
Feuchtigkeit!}  10.d4 d6 11.Nxc6 {Deine DAME!! 
...}  Qe8 {Danke}  12.Nxb8 Bg4 13.f3 Nxe4 14.Nxe4 
{Hallo!   :) Was ist los mit diese Winter??  wir 
kriegen aus Italien +15C° !   ;)) Gruß aus Wien !} 
 Qxb8 {danke gruss aus Venedig ! Was denkest du 
von Bayern?}  15.dxc5 { von FC?  wiso?}  Rd8 
{nein, die Lander!}  16.fxg4 {a-so, nun weil Bayer 
wie Österreich ist , darum fahre ich gern dorthin 
und liebe es. Warum diese fra}  Re8 
{entschuldigung nur zwei Bewegungen noch}  17.Qd5 
{warum nur zwei?Gegenmaßnahmen einleiten... Gruß 
L.   :)}  Qd8 {ich bin ein grosse Bad!!!}  18.Ng5 
{Schöne Grüße nach Italien!  :)} 
 1-0

[Event "HCL-C147"]
[Site "www.playchess.de"]
[Date "2001.02.24"]
[Round "2"]
[White "Herb_CN"]
[Black "love_spuds"]
[WhiteElo "1000"]
[BlackElo "399"]
[PlyCount "21"]
[Result "1-0"]

1.e4 c5 2.Nf3 Nc6 3.d4 cxd4 4.Nxd4 Nxd4 5.Qxd4 Nf6 
6.Nc3 d6 7.Be3 e5 8.Qa4+ Bd7 9.Bb5 Be7 10.O-O a6 
11.Bxd7+ 1-0

[Event "ACL-A019"]
[Site "www.playchess.de"]
[Date "2001.02.24"]
[Round "18"]
[White "maze"]
[Black "Bronislaw"]
[WhiteElo "1500"]
[BlackElo "1500"]
[PlyCount "70"]
[Result "0-1"]

1.e4 c5 2.Nf3 g6 3.d4 cxd4 4.Nxd4 Nc6 5.Nc3 Bg7 
6.Be3 Nf6 7.Bc4 O-O 8.Bb3 d6 9.f3 Bd7 10.Qd2 Nxd4 
11.Bxd4 b5 12.O-O a5 13.a3 Qc7 14.f4 e5 15.fxe5 
dxe5 16.Be3 Bc6 17.Nd5 Bxd5 18.exd5 Rad8 19.Rad1 
Rd6 20.Qe2 a4 21.Ba2 Rc8 22.Qxb5 Ng4 23.Qe2 Nxe3 
24.Qxe3 Qb7 25.c4 Qxb2 26.Rf2 Qb7 27.Rc2 Rf6 28.d6 
Bf8 29.Rcd2 Bg7 30.c5 Qa7 31.R2d3 Qb8 32.Rb1 Qa7 
33.Bd5 Rd8 34.Rb4 Qa5 35.Bf3 Qa6 0-1

[Event "ACL-A065"]
[Site "www.playchess.de"]
[Date "2001.02.24"]
[Round "30"]
[White "Goofy"]
[Black "Pupser"]
[WhiteElo "1740"]
[BlackElo "1500"]
[PlyCount "96"]
[Result "0-1"]

1.d4 e6 2.c4 Nf6 3.Nc3 d5 4.Bg5 Nbd7 5.e3 c6 6.Nf3 
Qa5 7.Nd2 dxc4 8.Bxf6 Nxf6 9.Nxc4 Qc7 10.Rc1 Be7 
11.Be2 O-O 12.O-O Rd8 13.Qc2 Bd7 14.Ne5 Be8 15.f4 
c5 16.Ne4 Nd5 17.Rf3 Rac8 18.Rh3 f5 19.Nxc5 b6 
20.Ba6 bxc5 21.Bxc8 Rxc8 22.b3 cxd4 23.Qxc7 Rxc7 
24.Rxc7 Nxc7 25.exd4 Bb4 26.Rf3 Nd5 27.g3 Bh5 
28.Rf2 Bc3 29.Rc2 Bxd4+ 30.Kh1 g5 31.Rc4 Bxe5 
32.fxe5 Be2 33.Rc8+ Kg7 34.Kg2 a6 35.Kf2 Bb5 36.a4 
Bd3 37.Rc6 Kf7 38.Rd6 Ke7 39.Ke1 Nb4 40.Kd2 Be4 
41.Kc3 a5 {ich will noch schaun, ob was drin ist.} 
 42.Kc4 Bd5+ 43.Kb5 f4 44.gxf4 gxf4 45.Kxa5 Nc6+ 
46.Kb6 f3 47.a5 f2 48.a6 f1Q {%} 
 0-1

[Event "ACL-A070"]
[Site "www.playchess.de"]
[Date "2001.02.24"]
[Round "17"]
[White "dom"]
[Black "DaveM"]
[WhiteElo "1500"]
[BlackElo "1500"]
[PlyCount "62"]
[Result "0-1"]

1.e4 c5 2.Bc4 e6 3.Nc3 Nc6 4.d3 a6 5.Nf3 b5 6.Bb3 
Bb7 7.Ne2 Na5 8.c3 Nxb3 9.Qxb3 d5 10.c4 dxe4 
11.dxe4 Bxe4 12.cxb5 Bd5 13.Qa4 Qd7 14.Nc3 axb5 
15.Qxb5 Nf6 16.O-O Qxb5 17.Nxb5 Rc8 18.Bf4 Bxf3 
19.gxf3 Nd5 20.Bd6 Be7 21.Bxe7 Kxe7 22.Rfc1 c4 
23.Na3 c3 24.b3 Nf4 25.Rc2 Rhd8 26.Nc4 Rd3 27.Ne3 
Rd2 28.Rxd2 cxd2 29.Nc4 Rxc4 30.bxc4 Ne2+ 31.Kf1 
Nc1 0-1

[Event "ACL-A070"]
[Site "www.playchess.de"]
[Date "2001.02.24"]
[Round "29"]
[White "Alcoholic"]
[Black "aldi"]
[WhiteElo "1517"]
[BlackElo "1500"]
[PlyCount "22"]
[Result "0-1"]

1.d4 Nf6 2.c4 e6 3.Nc3 Bb4 4.Qc2 O-O 5.a3 Bxc3+ 
6.Qxc3 b6 7.Nf3 Bb7 8.e3 Bxf3 9.gxf3 d5 10.Bd3 Qd6 
11.b4 dxc4 0-1

[Event "HCL-E020"]
[Site "www.playchess.de"]
[Date "2001.02.24"]
[Round "2"]
[White "peze2"]
[Black "Goofy"]
[WhiteElo "1836"]
[BlackElo "2122"]
[PlyCount "61"]
[Result "1-0"]

1.e4 {Hallo Erik, ein schönes Spiel wünsche ich 
uns. Gruß Peter}  e6 {Hallo Peter, endlich 
funktioniert die Webseite wieder. Auf eine 
spannende Partie. Gruß Erik}  2.d4 d5 3.Nd2 Nf6 
4.e5 Nfd7 5.c3 c5 6.Bd3 Nc6 {Ich habe jetzt 
ungefähr 60 Partien laufen. Ich werde noch 
wahnsinnig!!?}  7.Ne2 {Da kann ich gerade noch 
mithalten, allerdings mit 3 Logins! :-))}  cxd4 
{Ich habe auch noch bei Stan's NetChess 30 Partien 
laufen, geschweige von schachspiel.de............} 
 8.cxd4 {...der Tag hat 48 Std. und ich jetzt 
Feierabend. Bis Morgen. Gute Nacht Erik}  Nb6 
{Gute Nacht!}  9.O-O Bd7 10.a3 a5 11.Nf3 Be7 
12.Ng3 Rc8 13.b3 h5 14.Ne2 g5 15.Be3 g4 {.}  
16.Ne1 Bg5 {.}  17.Qd2 Be7 18.Nc2 a4 19.Rab1 Qc7 
20.bxa4 Nxa4 21.Bg5 Rg8 22.Bxe7 Nxe7 23.Rb3 h4 
24.Qh6 h3 25.g3 Nf5 26.Qh5 Kf8 27.Ne3 {Sorry Erik! 
Ich denke, daß ich diese Partie gewinne. Gruß 
Peter}  Nxe3 28.fxe3 Be8 29.Qh6+ Ke7 30.Qf6+ {Das 
Kesseltreiben hat begonnen!}  Kf8 
31.Nf4 1-0

[Event "HCL-B152"]
[Site "www.playchess.de"]
[Date "2001.02.24"]
[Round "7"]
[White "lostpawn2000"]
[Black "Tinho"]
[WhiteElo "1644"]
[BlackElo "1200"]
[PlyCount "56"]
[Result "0-1"]

1.d4 Nf6 2.c4 e6 3.Nc3 d5 4.cxd5 exd5 5.Bg5 Nbd7 
6.e3 c6 7.Nf3 Qa5 8.Bd3 Ne4 9.Qc2 Nxg5 10.Nxg5 h6 
11.Nf3 Bd6 12.O-O Nf6 13.a3 O-O 14.Rac1 Re8 15.e4 
dxe4 16.Nxe4 Nxe4 17.Rfe1 Nf6 18.Bh7+ Kh8 19.Be4 
Nxe4 20.Nd2 Nf6 21.Qd1 Rxe1+ 22.Qxe1 Bf4 23.Rd1 
Bg4 24.f3 Re8 25.Ne4 Qxe1+ 26.Rxe1 Bf5 27.Kf1 Nxe4 
28.fxe4 Rxe4 0-1

[Event "HCL-B157"]
[Site "www.playchess.de"]
[Date "2001.02.24"]
[Round "9"]
[White "JayKay"]
[Black "paard"]
[WhiteElo "1688"]
[BlackElo "1521"]
[PlyCount "31"]
[Result "1-0"]

1.d4 Nf6 2.c4 e5 3.dxe5 Ng4 4.Nf3 Bc5 5.e3 Nc6 
6.Be2 Ngxe5 7.Nxe5 Nxe5 8.O-O O-O 9.b3 d6 10.Bb2 
Bf5 11.Qd2 Qd7 12.b4 Bb6 13.Bxe5 Rad8 14.Bb2 Rfe8 
15.Qc3 f6 16.c5 1-0

[Event "HCL-C161"]
[Site "www.playchess.de"]
[Date "2001.02.24"]
[Round "17"]
[White "Zooey"]
[Black "guerino"]
[WhiteElo "1601"]
[BlackElo "1067"]
[PlyCount "51"]
[Result "1-0"]

1.e4 {Hello and good luck!}  e6 2.d4 d5 3.Nc3 Bb4 
4.e5 c5 5.Bd2 Nc6 6.Nb5 Bxd2+ 7.Qxd2 cxd4 8.Nd6+ 
Kf8 9.f4 Nge7 10.Nf3 Bd7 11.O-O-O Nc8 12.Nb5 a6 
13.Nbxd4 N8e7 14.c4 Nxd4 15.Nxd4 Qc7 16.Qb4 g6 
17.Kb1 Kg7 18.Qxe7 Rhc8 19.cxd5 exd5 20.Bd3 Rce8 
21.Ne6+ Kg8 22.Qxe8+ Rxe8 23.Nxc7 Rd8 24.Nxd5 Bc6 
25.Ne7+ Kf8 26.Nxc6 1-0

[Event "HCL-C159"]
[Site "www.playchess.de"]
[Date "2001.02.24"]
[Round "13"]
[White "uneek"]
[Black "guerino"]
[WhiteElo "1191"]
[BlackElo "1067"]
[PlyCount "46"]
[Result "0-1"]

1.d4 {Hello!  Good Luck.  And a virtual 
handshake.}  Nf6 2.Bg5 e6 3.e4 Be7 4.Bxf6 Bxf6 
5.e5 Be7 6.Nf3 d5 7.Nbd2 c5 8.c3 O-O 9.Bd3 h6 
10.O-O Nc6 11.b3 Bd7 12.Qe2 a6 13.h3 Rc8 14.Bc2 
cxd4 15.cxd4 Qb6 16.Qd3 g6 17.Rac1 Nb4 18.Qe3 {:(} 
 Nxc2 19.Qxh6 Nxd4 20.Nxd4 Qxd4 21.Qe3 Qxe3 
22.fxe3 Ba3 23.Rxc8 Rxc8 0-1

[Event "HCL-B159"]
[Site "www.playchess.de"]
[Date "2001.02.24"]
[Round "7"]
[White "iq160"]
[Black "cjmag"]
[WhiteElo "998"]
[BlackElo "1500"]
[PlyCount "41"]
[Result "1/2-1/2"]

1.c4 c5 {Good luck}  2.Nc3 Nf6 3.Nf3 Nc6 4.g3 e6 
5.Bg2 Be7 6.O-O d5 7.cxd5 exd5 8.d4 Be6 9.Bf4 O-O 
10.dxc5 Bxc5 11.e3 Rc8 12.Ng5 Bg4 13.Bf3 Bxf3 
14.Nxf3 Re8 15.Rc1 b6 16.Re1 h6 17.h4 {I'm gonna 
have a break for a couple of days, so long.}  Bb4 
18.Qb3 Bxc3 19.Rxc3 Ne4 20.Rc2 g5 
21.hxg5 1/2-1/2

[Event "HCL-B161"]
[Site "www.playchess.de"]
[Date "2001.02.24"]
[Round "4"]
[White "CHARON"]
[Black "pird"]
[WhiteElo "1496"]
[BlackElo "1498"]
[PlyCount "55"]
[Result "1-0"]

1.e4 c6 2.d4 d5 3.Nc3 dxe4 4.Nxe4 Bf5 5.Ng3 Bg6 
6.Nf3 Nd7 7.Bd3 Bxd3 8.Qxd3 Qc7 9.O-O e6 10.Re1 
Ngf6 11.Bd2 Bd6 12.Nf5 O-O 13.Nxd6 Qxd6 14.Qb3 a5 
15.c4 a4 16.Qc2 b5 17.a3 Rfb8 18.Bb4 Qf4 19.Bd2 
Qd6 20.g3 bxc4 21.Bf4 Qf8 22.Bxb8 Qxb8 23.Qxc4 Qd6 
24.Rac1 Nb8 25.Ne5 Ra6 26.Qc5 Qd5 27.Qe7 h6 
28.Qxf7+ 1-0

[Event "HCL-B167"]
[Site "www.playchess.de"]
[Date "2001.02.24"]
[Round "1"]
[White "Ponten"]
[Black "Eyechess"]
[WhiteElo "1500"]
[BlackElo "1394"]
[PlyCount "48"]
[Result "0-1"]

1.d4 {Hi}  e6 2.Nf3 Nf6 3.e3 b6 {Greetings from 
Peoria, Illinois}  4.Nbd2 Bb7 5.Bd3 {And from 
Stavanger, Norway}  c5 6.c3 Be7 7.O-O Nc6 8.e4 
cxd4 9.Nxd4 Nxd4 10.cxd4 O-O 11.e5 Nd5 12.Qh5 f5 
13.Nf3 Nb4 14.Bb1 Qe8 15.Qh3 Rc8 16.Ng5 Qg6 17.f4 
Nc2 18.Bxc2 Rxc2 19.Rf2 Rxf2 20.Kxf2 Bxg5 21.fxg5 
f4 22.Bd2 f3 23.Re1 Qd3 24.Be3 
fxg2+ 0-1

[Event "HCL-B167"]
[Site "www.playchess.de"]
[Date "2001.02.24"]
[Round "9"]
[White "Redbaron"]
[Black "Snide"]
[WhiteElo "1458"]
[BlackElo "1200"]
[PlyCount "46"]
[Result "0-1"]

1.e4 {Good evning!}  Nc6 {Nice to meet you!}  
2.Nf3 d6 3.c3 Nf6 4.Qc2 {It's a pleasure to meet 
you too.  Good luck in this tournament!}  e5 5.d4 
a6 6.Bd3 Be7 7.O-O O-O 8.b3 exd4 9.cxd4 Nb4 10.Qc3 
Nxd3 11.Qxd3 d5 12.Nc3 dxe4 13.Nxe4 Nd5 14.a3 b6 
15.Nfg5 f5 16.Nc3 Nxc3 17.Nxh7 Qxd4 18.Rd1 Qxd3 
19.Rxd3 Ne2+ 20.Kf1 Nxc1 21.Rh3 Nxb3 22.Rd1 Rd8 
23.Rxd8+ Bxd8 0-1

[Event "HCL-E025"]
[Site "www.playchess.de"]
[Date "2001.02.24"]
[Round "2"]
[White "KARFOPOULOS"]
[Black "dzwonek"]
[WhiteElo "2333"]
[BlackElo "2346"]
[PlyCount "39"]
[Result "1/2-1/2"]

1.e4 {good luck!!}  c5 {Have a good game.}  2.Nf3 
a6 3.c3 d5 {Te same to you.}  4.exd5 Qxd5 5.d4 e6 
6.Bd3 Nf6 7.O-O Nc6 8.Be3 cxd4 9.cxd4 Bd7 10.Nc3 
Qd6 11.Qd2 Nb4 12.Bf4 Qb6 13.Bc4 Bc6 14.Ne5 Rd8 
15.Rad1 Be7 16.Rfe1 O-O 17.a3 Nbd5 18.Nxc6 Qxc6 
19.Nxd5 Nxd5 20.Bxd5 1/2-1/2

[Event "HCL-C173"]
[Site "www.playchess.de"]
[Date "2001.02.24"]
[Round "2"]
[White "dg"]
[Black "hun"]
[WhiteElo "1105"]
[BlackElo "1807"]
[PlyCount "102"]
[Result "0-1"]

1.e4 c5 2.Nf3 e6 3.Bc4 Nc6 4.d3 d5 5.exd5 exd5 
6.Qe2+ Be7 {express !  ;)}  7.Bb5 Qa5+ 8.Nc3 d4 
9.Bxc6+ bxc6 10.Bd2 dxc3 11.Bxc3 Qb6 12.Bxg7 Qb4+ 
{:/}  13.c3 Qg4 14.Bxh8 Bf5 15.Be5 O-O-O 16.d4 Kb7 
17.Bg3 cxd4 18.Nxd4 Qxe2+ 19.Nxe2 Bf6 20.O-O Rd2 { 
   ;)}  21.Nd4 Bxd4 22.cxd4 Rxb2 23.a4 Rb4 24.Rfd1 
Bc2 25.Rde1 Rxd4 26.Re8 Nh6 27.a5 Nf5 28.f3 Nxg3 
29.hxg3 Ka6 30.g4 Bb3 31.Rb8 Ba4 32.Re1 Rd7 
33.Ree8 Kxa5 34.Reh8 Bc2 35.Rb2 Bd3 {   :(}  
36.Rd2 Kb4 37.Rb8+ Kc3 38.Rdb2 Bb5 39.Rb1 a5 
40.Rh8 a4 41.Rxh7 Bd3 {    :)}  42.Ra1 Bxh7 
43.Rxa4 c5 44.Kf2 Rd2+ 45.Kf1 c4 46.f4 Bd3+ 47.Kg1 
Be4 {=:-/}  48.Kf1 Bc6 {:)}  49.Ra3+ Kb4 50.Ra8 
Bxa8 { ?  a3-a8  ???}  51.Ke1 {i dident thik at 
all....next move i give up...thanx for the 
game...i did bad end}  c3 {  :-)  thanx for the 
game}  0-1

[Event "HCL-C174"]
[Site "www.playchess.de"]
[Date "2001.02.24"]
[Round "11"]
[White "yaroslav"]
[Black "Stef"]
[WhiteElo "1000"]
[BlackElo "1199"]
[PlyCount "49"]
[Result "1-0"]

1.f4 d6 2.Nf3 e6 3.e3 c5 4.Bb5+ Bd7 5.Bxd7+ Nxd7 
6.c4 Nb6 7.Nc3 Nxc4 8.d3 Nb6 9.a4 Qe7 10.a5 Nd5 
11.a6 bxa6 12.Rxa6 e5 13.Qa4+ Qd7 14.Nb5 Ngf6 
15.Rxa7 Rxa7 16.Qxa7 h6 17.Qa4 Ng4 18.Qa8+ Qd8 
19.Qxd5 Qa5+ 20.Nc3 Qa1 21.O-O h5 22.Ng5 f6 
23.Qf7+ Kd8 24.Ne6+ Kc8 25.Qc7+ 1-0

[Event "HCL-B173"]
[Site "www.playchess.de"]
[Date "2001.02.24"]
[Round "5"]
[White "FEMW"]
[Black "Erik"]
[WhiteElo "1500"]
[BlackElo "1457"]
[PlyCount "55"]
[Result "1-0"]

1.e4 {Hope it will be a good game!}  Nc6 {I'm sure 
it will be! Good luck to you!}  2.d4 {As a matter 
of fact my name is also Erik! You played an 
unuasual move.}  d5 {I looked up your name. Move: 
I don't know much about chess theory...}  3.e5 Bf5 
{I'd have moved earlier, but this site was down.}  
4.Ne2 Nb4 5.Na3 Qd7 6.Ng3 Bg6 7.c3 Nc6 8.Nc2 O-O-O 
9.Bb5 e6 10.O-O f6 11.Re1 a6 12.Bf1 h5 13.h3 h4 
14.Nh1 Be7 15.b4 Na7 16.a4 Qc6 17.Bd3 Bxd3 18.Qxd3 
Rh5 19.b5 axb5 20.axb5 Nxb5 21.Bd2 Qc4 22.Qg6 Rf5 
23.Ne3 Qd3 {Oh, I didn't see that fork! Well 
done!}  24.Nxf5 Qxd2 25.Nxe7+ {Thank you. Knights 
are always a problem.}  Nxe7 {Yes, but I shoul 
have seen that; it was too obvious...}  26.Qf7 Kd7 
{I hope you enjoy playing here. I do a lot!}  
27.exf6 {Yes I do. It´s a new experience for me. I 
will continue playing here.}  gxf6 {Great! I 
discovered this site last year. It´s my 2nd 
tournament now. (They had some problems here.)}  
28.Qxe6+ 1-0

[Event "HCL-C172"]
[Site "www.playchess.de"]
[Date "2001.02.24"]
[Round "16"]
[White "Edik"]
[Black "Translightor"]
[WhiteElo "1000"]
[BlackElo "1429"]
[PlyCount "33"]
[Result "1/2-1/2"]

1.d4 Nf6 2.c4 e6 3.Nf3 d5 4.Bg5 Be7 5.e3 O-O 6.Nc3 
c6 7.c5 b6 8.b4 a5 9.a3 axb4 10.axb4 Rxa1 11.Qxa1 
Qc7 12.Bd3 Nbd7 13.O-O Bb7 14.Qb2 Ra8 15.Ra1 b5 
16.Rxa8+ Bxa8 17.Qa1 1/2-1/2

[Event "HCL-C180"]
[Site "www.playchess.de"]
[Date "2001.02.24"]
[Round "7"]
[White "Carlosesandra"]
[Black "dg"]
[WhiteElo "1000"]
[BlackElo "1085"]
[PlyCount "93"]
[Result "1-0"]

1.e4 e5 2.Nf3 Nc6 3.a3 Nf6 4.Nc3 d6 5.Bb5 Bd7 
6.O-O a6 7.Ba4 Be7 8.d3 h6 9.h3 Na5 10.Bxd7+ Qxd7 
11.Bd2 g5 12.Nh2 O-O-O 13.Nd5 Nxd5 14.exd5 f5 
15.Bxa5 h5 16.Bc3 g4 17.h4 Bxh4 18.g3 Bg5 19.Bd2 
Bf6 20.c4 h4 21.Qe2 h3 22.b4 e4 23.Rac1 Bb2 24.Bg5 
Bxc1 25.Bxd8 Bxa3 26.Bf6 Rf8 27.Bc3 a5 28.Ra1 Qa4 
29.bxa5 Qb3 30.Qd2 Bc5 31.dxe4 fxe4 32.Nxg4 Rg8 
33.Nf6 Rxg3+ 34.Kh2 Qxc3 35.Qxc3 Rxc3 36.Nxe4 Rxc4 
37.f3 Bd4 38.Ra2 Kd7 39.Kxh3 c5 40.a6 bxa6 41.Rxa6 
Be5 42.Ra7+ Ke8 43.Kg4 Rb4 44.Kf5 Rb3 45.Ke6 Kd8 
46.Nxd6 Re3 47.Rd7+ 1-0

[Event "HCL-C179"]
[Site "www.playchess.de"]
[Date "2001.02.24"]
[Round "4"]
[White "Translightor"]
[Black "tom"]
[WhiteElo "1418"]
[BlackElo "1000"]
[PlyCount "51"]
[Result "1-0"]

1.e4 {Willkommen und viel Spaß bei playchess!}  e5 
{wünsch ich dir auch!}  2.Nf3 Nc6 3.Bb5 Nf6 4.O-O 
a6 5.Ba4 b5 6.Bb3 Bc5 7.Nxe5 Nxe5 {patzer?}  8.d4 
{Mooooment!}  c6 {raffiniert!}  9.dxc5 d5 10.exd5 
Nxd5 11.Re1 f6 12.f4 O-O 13.fxe5 Qa5 14.Bxd5+ cxd5 
15.Qxd5+ Kh8 16.Bd2 Bb7 17.Qxb7 Qd8 18.exf6 Qxf6 
19.Qf3 Qxb2 20.Qc3 Qxc3 21.Bxc3 Rac8 22.Bd4 Kg8 
23.Nd2 Rcd8 24.c3 b4 25.Nf3 bxc3 
26.Bxc3 1-0

[Event "HCL-C179"]
[Site "www.playchess.de"]
[Date "2001.02.24"]
[Round "5"]
[White "tom"]
[Black "patzer"]
[WhiteElo "1000"]
[BlackElo "1115"]
[PlyCount "62"]
[Result "0-1"]

1.e4 {viel glück-patzer}  e5 {Werde ich brauchen! 
Dir dafür viel Spaß!}  2.Nf3 Nc6 3.Bc4 Nf6 4.Nc3 
Bc5 5.O-O O-O 6.d3 d6 7.Bg5 h6 8.Bxf6 Qxf6 9.Nd5 
Qd8 10.c3 {achtung-patzer?!}  a6 {Ausnahmsweise 
kenne ich diese Eröffnung. Wenn es unbekannt wird 
können die Fehler kommen...}  11.d4 {patzer von 
mir?}  Ba7 {Nein, hab ich schon mal gespielt. 
Lukas mein Name :)}  12.Nb4 {richtiger zug, 
lukas?}  Nxb4 {Ja, weil du mich Patzer nennst...}  
13.cxb4 exd4 14.h3 Re8 15.Re1 Qf6 16.Rc1 c5 
17.bxc5 dxc5 18.b4 cxb4 19.Qa4 b5 20.Bxb5 axb5 
21.Qxb5 Bxh3 22.Qh5 Be6 23.e5 Qf5 24.Qh4 Qg4 
25.Re4 Qxh4 26.Rxh4 Rad8 27.Rd1 Bxa2 28.Nxd4 b3 
29.Kf1 b2 30.e6 b1Q {%}  31.Rxb1 
Bxb1 0-1

[Event "HCL-A075"]
[Site "www.playchess.de"]
[Date "2001.02.24"]
[Round "31"]
[White "paule"]
[Black "Guano"]
[WhiteElo "1955"]
[BlackElo "1700"]
[PlyCount "39"]
[Result "1-0"]

1.e4 e5 {good luck..i'm 15 male from Belgium}  
2.Nf3 {Hello! Good luck! I'm from Russia.}  Nc6 
3.Bb5 a6 4.Ba4 Nf6 {the first time i play spanish 
:)) ... only saw a few games.. i used to play 
philidor}  5.O-O {Spanish - very popular opening 
now...:)}  b5 6.Bb3 Bc5 {i hope i'm still playing 
theory :)}  7.Nxe5 {In my opinion, last move (Bc5) 
not so exact.}  Nxe5 8.d4 Bxd4 9.Qxd4 d6 {ok i 
feel you'll kill me after f4 :)}  10.f4 {I think, 
that it not so}  Nc6 11.Qc3 Bb7 12.e5 Ne4 13.Qe3 
d5 14.Nc3 Nxc3 15.Qxc3 O-O 16.f5 f6 17.exf6 gxf6 
18.Bf4 Kh8 19.Rad1 d4 {your bishop pair is very 
strong :)))}  20.Qg3 {Indeed!:) I think, 16. ... 
f6 is mistake. What do you think about this?} 
 1-0

[Event "HCL-A075"]
[Site "www.playchess.de"]
[Date "2001.02.24"]
[Round "34"]
[White "Gorodish"]
[Black "paule"]
[WhiteElo "1699"]
[BlackElo "1955"]
[PlyCount "50"]
[Result "1/2-1/2"]

1.d4 c5 2.d5 e5 3.e4 {hi, one more game? Now I 
will win ... :-)}  d6 {I will struggle!}  4.Bb5+ 
Nd7 5.a4 Be7 6.Nf3 Ngf6 7.Nc3 O-O 8.O-O Ne8 9.Bc4 
g6 10.Re1 Ng7 11.Qd3 a6 12.a5 f5 13.Ra3 Nf6 
14.exf5 Bxf5 15.Qd2 Nd7 16.Bd3 Qc7 17.b3 Nh5 
18.Ra4 Rae8 19.Bxf5 Rxf5 20.Qd1 Rff8 21.Bh6 Rf7 
22.Ne4 Nf4 23.Nfg5 Bxg5 24.Nxg5 Rfe7 25.Ne4 Nh5 
{Now your turn...:)}  1/2-1/2

[Event "HCL-C176"]
[Site "www.playchess.de"]
[Date "2001.02.24"]
[Round "29"]
[White "Edik"]
[Black "Translightor"]
[WhiteElo "1000"]
[BlackElo "1426"]
[PlyCount "41"]
[Result "1/2-1/2"]

1.e4 c5 2.Nc3 e6 3.g3 b6 4.Bg2 Bb7 5.d3 a6 6.f4 d6 
7.Nf3 Qc7 8.Be3 Be7 9.O-O Nc6 10.a3 Nf6 11.h3 O-O 
12.g4 Nd7 13.g5 Rac8 14.h4 f6 15.Bh3 Nd8 16.f5 
exf5 17.Bxf5 g6 18.Bg4 Ra8 19.h5 Ne5 20.Nxe5 dxe5 
21.gxf6 1/2-1/2

[Event "HCL-C176"]
[Site "www.playchess.de"]
[Date "2001.02.24"]
[Round "35"]
[White "Edik"]
[Black "patzer"]
[WhiteElo "1000"]
[BlackElo "715"]
[PlyCount "81"]
[Result "1-0"]

1.d4 Nf6 2.c4 g6 3.Nc3 d5 4.cxd5 Nxd5 5.e4 Nxc3 
6.bxc3 Bg7 7.Nf3 c5 8.Be3 Nc6 9.Bb5 Qa5 10.Bxc6+ 
bxc6 11.Qd2 cxd4 12.Bxd4 Bxd4 13.cxd4 Qxd2+ 
14.Nxd2 Rb8 15.Nb3 Be6 16.O-O Bxb3 17.axb3 Rxb3 
18.Rxa7 O-O 19.Rxe7 Rd3 20.Rc7 Rxd4 21.f3 Rfd8 
22.Rxc6 R4d1 23.Rc1 Rxc1 24.Rxc1 Rd2 25.Kf1 Kg7 
26.Re1 Kf6 27.Re2 Rd1+ 28.Kf2 Ke5 29.Kg3 h5 30.Ra2 
f5 31.Ra5+ Kf6 32.e5+ Ke6 33.Ra6+ Kxe5 34.Rxg6 f4+ 
35.Kh4 Rh1 36.h3 Kd4 37.Kxh5 Ke3 38.Rg4 Kf2 39.Kg5 
Rh2 40.Kxf4 Rxg2 41.Rxg2+ 1-0

[Event "HCL-B178"]
[Site "www.playchess.de"]
[Date "2001.02.24"]
[Round "17"]
[White "vishnawathen"]
[Black "MP"]
[WhiteElo "1200"]
[BlackElo "1567"]
[PlyCount "39"]
[Result "1-0"]

1.e4 c5 2.Nc3 Nc6 3.Nf3 d6 4.g3 Nf6 5.Bb5 Bd7 
6.O-O a6 7.Bc4 b5 8.Bd5 e6 9.Bxc6 Bxc6 10.e5 dxe5 
11.Nxe5 Bb7 12.d3 Bd6 13.Qe2 Qc7 14.Bf4 O-O 15.a4 
Nd7 16.Nxd7 Qxd7 17.Ne4 Bxf4 18.Nxc5 Qd5 19.b4 Bd6 
20.Nd7 1-0